00853nam a22001937a 4500999001700000003000900017008004100026040007100067082002400138100003000162245003100192260004100223300002600264505022200290650002500512942001600537945000800553952009800561 c12715d12715AR-CdUCM190410b ||||| |||| 00| 0 spa d aMUNICIPALIDAD PROVINCIAL DEL CUSCOcBIBLIOTECA MUNICIPAL DEL CUSCO 23ed.a364.24 /bJ53 aJiménez de Asúa, Luis aPsicoanálisis criminal / aBuenos aires :bLosada, S.A.,c1942. a299 páginasc21 cm. aContenido :Antecedentes de la psicología profunda criminal -- Doctrina criminológica y penal del psicoanálisis -- Interpretación del delito -- Causas del complejo de inferioridad -- Criminalidad accidental ... aCriminología97441 2ddccLIBROS arum 002ddc4070aSHbSHcCARTd2019-04-10g28.00o364.24 / J53pSH0000010478r2019-04-10yLIBROS